000 00411cam a2200157ua 4500
041 _aeng
_h
082 _a028.7167
_bBOL/PR
100 _aBolz, Roger W .
245 _aProduction Processes : The Productivity Handbook /
_cW Roger Bolz.
_hTextual Documents
250 _a1 /
_b.
260 _aNew York :
_bndustrial Press ,
_c1977.
300 _a1261 ; .
504 _a
942 _cBK
999 _c3117
_d3117